| 000 | 02508nam a2200385 i 4500 | ||
|---|---|---|---|
| 001 | 768714001 | ||
| 003 | CO-MdFUSB | ||
| 005 | 20220809151032.0 | ||
| 008 | 190926t2010 sp adec| |||| 00| 0 spa d | ||
| 020 | _a9788498921724 | ||
| 040 |
_aCO-MdFUSB _bspa _cCO-MdFUSB _dCO-MdFUSBC _erda |
||
| 041 |
_aspa _heng |
||
| 082 |
_223 _a530.142 _bH392 |
||
| 100 |
_aHawking, Stephen. _eautor |
||
| 245 | 3 |
_aEl gran diseño _c/ Stephen Hawking ; Leonard Mlodinow ; traducido por David Jou i Mirabent. |
|
| 264 | 1 |
_aBarcelona, España ; _bCrítica, _c[2010] |
|
| 264 | 4 | _c© 2010 | |
| 300 |
_a228 páginas _b: ilustraciones a color _c; 23 |
||
| 336 |
_2rdacontent _atexto _btdi |
||
| 337 |
_2rdamedia _asin mediación _bn |
||
| 338 |
_2rdacarrier _avolumen _bnc |
||
| 505 | _aEl misterio del ser. -- Las reglas de la ley. -- ¿Qué es la realidad? -- Historias alternativas. -- La teoría de todo. -- Escogiendo nuestro universo. -- El milagro aparente. -- El gran diseño. | ||
| 520 | _a este libro de Stephen Hawking y Leonard Mlodinow sobre los descubrimientos y los progresos técnicos más recientes nos presenta una nueva imagen del universo, y de nuestro lugar en él, muy distinta de la tradicional e, incluso, de la imagen que el propio Hawking nos había proporcionado, hace ya más de veinte años, en su gran libro Historia del tiempo. En él el gran físico nos explicaba de dónde procedía el universo y hacia dónde se encaminaba, pero aún no podía dar respuesta a importantes preguntas: ¿por qué existe el universo?, ¿por qué hay algo en lugar de nada?, ¿por qué existimos nosotros?, ¿necesita el universo un creador? En los últimos años, el desarrollo de la teoría “M” (en realidad toda una familia de teorías enlazadas sobre física cuántica) y las recientes observaciones realizadas por los satélites de la NASA, nos permiten ya enfrentarnos a la pregunta fundamental: la Cuestión Última de la Vida, el Universo y el Todo. Si esta teoría última es verificada por la observación científica, habremos culminado una búsqueda que se remonta a hace más de tres mil años: habremos hallado el Gran Diseño. | ||
| 563 | _aRústico | ||
| 653 | _aFísica matemática | ||
| 653 | _aUniverso | ||
| 653 | _aTeoría del campo unificado | ||
| 653 | _aFísica cuántica | ||
| 653 | _aMecánica cuántica | ||
| 653 | _aCosmología | ||
| 700 |
_92541 _aMlodinow, Leonard. _eautor |
||
| 700 |
_92542 _aJou i Mirabent, David, _etraductor |
||
| 942 | _cBK | ||
| 945 | _aJTF-925 | ||
| 999 |
_c65252 _d65252 |
||